FUNDAMENTALS OF HUMAN PHYSIOLOGY (Record no. 5990)

MARC details
000 -LEADER
fixed length control field 00388nam a22001577a 4500
005 - DATE AND TIME OF LATEST TRANSACTION
control field 20190911121037.0
008 - FIXED-LENGTH DATA ELEMENTS--GENERAL INFORMATION
fixed length control field 190911b xxu||||| |||| 00| 0 eng d
020 ## - INTERNATIONAL STANDARD BOOK NUMBER
ISBN 978-93-7473-514-5
041 ## - LANGUAGE CODE
Language code of text/sound track or separate title eng
100 ## - MAIN ENTRY--AUTHOR NAME
Personal name MARYA, R.K.
245 ## - TITLE STATEMENT
Title FUNDAMENTALS OF HUMAN PHYSIOLOGY
250 ## - EDITION STATEMENT
Edition statement 2nd Ed. 2019
260 ## - PUBLICATION, DISTRIBUTION, ETC. (IMPRINT)
Place of publication INDIA
Name of publisher AITBS PUBLISHERS
Year of publication 2019
300 ## - PHYSICAL DESCRIPTION
Number of Pages 293p,
942 ## - ADDED ENTRY ELEMENTS (KOHA)
Koha item type Books
Holdings
Lost status Damaged status Collection code Home library Current library Shelving location Date acquired Source of acquisition Cost, normal purchase price Accession Number Koha item type
    PHARMACY JRU Library JRU Library SHELF-20-F 11/09/2019 PURCHESS 299.00 23528 Books
    PHARMACY JRU Library JRU Library SHELF-20-F 11/09/2019 PURCHESS 299.00 23529 Books
    PHARMACY JRU Library JRU Library Shelf - 23- H 11/09/2019 PURCHESS 299.00 23530 Books
    Reference JRU Library JRU Library SHELF 9 - D 11/09/2019 PURCHESS 299.00 23531 Books